000
00297nam a2200109Ia 4500
008
220204s9999 xx 000 0 und d
082
_a
678:541.14
_b
DEV.3
245
0
_a
Developments in polymer photochemistry. 3
260
_a
London
_b
Applied Science
_c
1982
700
_a
Allen, Norman S
942
_c
BK
999
_c
39209
_d
39209